000 00733nam a2200253 i 4500
003 DO-SdBNP
005 20240103105038.0
007 ta
008 100812s2019 dr 000 0 spa d
020 _a9789945617245
040 _aDO-SdBNP
_bspa
_cBNPHHU
_erda
082 4 _bJ416S
_222
100 1 _aJavier, Luis
_933511
245 1 0 _aSánchez /
_cLuis Javier
264 1 _aSanto Domingo :
_bSantuario,
_c2019.
300 _a85 páginas
_c23 cm.
336 _2rdacontent
_atexto
_btxt
337 _2rdamedia
_asin mediación
_bn
338 _2rdacarrier
_avolumen
_bnc
500 _aIncluye datos biografícos del autor en la solapa de la contraportada.
590 _aInventariado, 2020 /YL
910 _aYLockward
942 _2ddc
_cLBS1
999 _c49036
_d49036